01307nam a22003257a 4500003000400000005001700004008004100021010002000062024002000082035002000102040001300122082001500135245009800150250003100248260002900279300005000308440002100358500007600379500009500455500012600550538004700676538012800723650001900851700002300870700001700893700002000910700001600930700001700946700001800963dpl20100303152515.0080911t xxu||||| |||| 00| 0 eng d aDVD-005819-5824 2EHV1046c199.00 aDVD-005819-5824 aDPLcDPL aDVD / CORP aCorporate: Paise Power PoliticscSahara One Motion Pictures Presentsh[videorecording] (DVD)/ a2-Disc Collector's Edition aMumbaibExcel Home Video a2 videodiscs DVD;bsd., col.;c4 3/4 in.fDVD aExcel Home Video aSole Distributor in India M/s Excel Productions Audio Visuals Pvt. Ltd. aDisc-1: Audio Comentary by Director, Associate Director& Cimentographer, Bonus Song Melody aDisc-2: Making of Corporate, Photo Gallery, Deleted Scenes, Television Coverage/Marketing, Theatrical Promos, India Games aDolby Digital 5.1- Hindi Subtitle English aAspect Ratio:1.33.1, Presentation Type: Full Screne, Presentation Size 4x3, Formation: DVD 9- Dual Layer Single sided Disc, 2Motion Picture aBhandarkar, Madhur aBasu, Bipasa aMaenon, Kay Kay aBabbar, Raj aChaya, Karsh aKapoor, Rajat